| 000 | 00680cam a22002293a 4500 | ||
|---|---|---|---|
| 001 | 31070 | ||
| 003 | PGUSA | ||
| 005 | 20140828083655.0 | ||
| 008 | 100125s2010||||xxu|||||s|||||000 | eng d | ||
| 040 |
_aPGUSA _beng |
||
| 042 | _adc | ||
| 050 | 4 | _aB | |
| 100 | 1 |
_aSecrétan, Charles, _d1815-1895 |
|
| 245 | 1 | 0 |
_aPhilosophie de la Liberté (Tome I) : _bCours de philosophie morale _h[electronic resource] / _cCharles Secrétan |
| 260 |
_bProject Gutenberg, _c2010 |
||
| 506 | _aPublic domain in the USA. | ||
| 516 | _aElectronic text | ||
| 653 | _aLiberty -- Philosophy | ||
| 830 | 0 |
_aProject Gutenberg _v31070 |
|
| 856 | 4 | 0 | _uhttp://www.gutenberg.org/ebooks/31070 |
| 942 | _cEB | ||
| 999 |
_c260325 _d260325 |
||